000 00452nam a2200181Ia 4500
001 3832
005 20260306145712.0
008 260306t1996||||xx |||||||||||||| ||spa||
041 _aESP
082 _a303.6
_bD45
100 _aDegregori, Carlos Iván
_eAUT
245 0 _aLas rondas campesinas y la derrota de Sendero Luminoso
260 _c1996
300 _a269 páginas :
_c20 cm.
650 _aGEN
654 _aCHU
942 _cLIB
_dJUS
_fJUS
_2ddc
_n
999 _c3832
_d3832